[Event "ENCI Limburg-open A"]
[Site "Maastricht"]
[Date "2009.05.30"]
[Round "3"]
[White "Henrichs, Thomas"]
[Black "Winkels, Marcel"]
[Result "1-0"]
[WhiteElo "2500"]
[BlackElo "2102"]
[PlyCount "71"]
[EventDate "2009.05.29"]
[EventType "swiss"]
[EventRounds "7"]
[EventCountry "NED"]
[Source "P.Boonen"]
[SourceDate "2010.01.01"]

1. d4 Nf6 2. c4 c5 3. d5 b5 4. Nf3 g6 5. cxb5 a6 6. Nc3 d6 7. e4 Bg7 8. a4 O-O
9. h3 Bb7 10. Bg5 Qa5 11. Nd2 axb5 12. Bxb5 Ba6 13. Ra3 Qd8 14. O-O Bxb5 15.
Nxb5 Na6 16. Re1 h6 17. Be3 Nc7 18. Nc3 Rb8 19. Nc4 Na6 20. Bd2 Nd7 21. Nb5 Ra8
22. Ba5 Qc8 23. Bc3 Nc7 24. Bxg7 Kxg7 25. Qb3 Qb7 26. Qc3+ f6 27. Rb3 Nxb5 28.
Rxb5 Qa6 29. b3 Rfb8 30. Rxb8 Rxb8 31. f4 Nb6 32. Ne3 Nd7 33. Nc4 Nb6 34. Na5
Kf7 35. Nc6 Rb7 36. Nd8+ 1-0

[Event "ENCI Limburg-open A"]
[Site "Maastricht"]
[Date "2009.05.30"]
[Round "3"]
[White "Hetey, Laszlo"]
[Black "Klimov, Sergey"]
[Result "1/2-1/2"]
[WhiteElo "2347"]
[BlackElo "2521"]
[PlyCount "116"]
[EventDate "2009.05.29"]
[EventType "swiss"]
[EventRounds "7"]
[EventCountry "NED"]
[Source "P.Boonen"]
[SourceDate "2010.01.01"]

1. d4 Nf6 2. c4 g6 3. Nc3 Bg7 4. e4 d6 5. f3 O-O 6. Bg5 Nc6 7. Nge2 a6 8. Qd2
Rb8 9. d5 Ne5 10. Nc1 c6 11. f4 Ned7 12. Be2 cxd5 13. cxd5 b5 14. Bf3 Nc5 15.
Qe3 b4 16. Nd1 Qb6 17. e5 Bb7 18. Nb3 Rfe8 19. Nxc5 dxc5 20. Qd2 Nd7 21. O-O f6
22. exf6 exf6 23. Bh4 f5 24. Bf2 Qd6 25. Rc1 Rbc8 26. g3 Nf6 27. Ne3 Ne4 28.
Bxe4 Rxe4 29. Nc4 Qd8 30. d6 Bd4 31. Rfe1 Qf6 32. Bxd4 Rxd4 33. Qe3 Be4 34. a3
Rd3 35. Qf2 bxa3 36. bxa3 Rd4 37. Red1 Rd8 38. Rxd4 cxd4 39. Rd1 d3 40. Qb6 Rd7
41. Qc5 Kg7 42. Qe5 Rb7 43. Kf2 Kf7 44. Qxf6+ Kxf6 45. Ne5 Rb2+ 46. Ke3 Re2+
47. Kd4 Rxh2 48. Nxd3 Ke6 49. Nc5+ Kxd6 50. Nxe4+ fxe4 51. Rb1 Rg2 52. Rb6+ Kc7
53. Rxa6 Rxg3 54. Kxe4 h5 55. f5 gxf5+ 56. Kxf5 h4 57. Rh6 Rxa3 58. Rxh4 Ra5+
1/2-1/2

[Event "ENCI Limburg-open A"]
[Site "Maastricht"]
[Date "2009.05.30"]
[Round "3"]
[White "Koch, Markus"]
[Black "Tate, Emory"]
[Result "0-1"]
[WhiteElo "2007"]
[BlackElo "2325"]
[PlyCount "68"]
[EventDate "2009.05.29"]
[EventType "swiss"]
[EventRounds "7"]
[EventCountry "NED"]
[Source "P.Boonen"]
[SourceDate "2010.01.01"]

1. c4 e5 2. g3 c6 3. d4 exd4 4. Qxd4 d5 5. Bg2 dxc4 6. Qxc4 Be6 7. Qc2 Qc8 8.
Nd2 Nf6 9. h4 Na6 10. a3 Be7 11. Nh3 h6 12. Nf4 Bf5 13. e4 Bh7 14. b4 O-O 15.
Bb2 Nc7 16. Bh3 Qe8 17. Qc3 Nb5 18. Qe3 Bd8 19. O-O Bb6 20. Qb3 Nxe4 21. Nxe4
Qxe4 22. Rfe1 Nd4 23. Qc3 Nf3+ 24. Kf1 Qc4+ 25. Qxc4 Nd2+ 26. Kg2 Nxc4 27. Bc3
Rfe8 28. Nh5 Be4+ 29. Kg1 f6 30. Bxf6 Nd2 31. Bg4 Bf3 32. Rxe8+ Rxe8 33. Nxg7
Re2 34. Bxf3 Rxf2 0-1

[Event "ENCI Limburg-open A"]
[Site "Maastricht"]
[Date "2009.05.30"]
[Round "3"]
[White "Koenig, Christian"]
[Black "Oosterman, Maarten Jan"]
[Result "1-0"]
[WhiteElo "2140"]
[BlackElo "2005"]
[PlyCount "89"]
[EventDate "2009.05.29"]
[EventType "swiss"]
[EventRounds "7"]
[EventCountry "NED"]
[Source "P.Boonen"]
[SourceDate "2010.01.01"]

1. e4 c6 2. d4 d5 3. Nc3 dxe4 4. f3 g6 5. fxe4 Bg7 6. Be3 Nf6 7. Nf3 Ng4 8. Bg1
Nd7 9. h3 Ngf6 10. Qd2 b5 11. a3 O-O 12. Bh2 Bb7 13. e5 Ne8 14. Be2 Nb6 15. O-O
Nc7 16. Ne4 Ne6 17. Rad1 a6 18. b3 h6 19. c4 Rc8 20. Qe3 Qc7 21. Rd2 Rfd8 22.
Rfd1 Ba8 23. Kh1 Qa7 24. Bg1 Nd7 25. a4 Qb7 26. axb5 cxb5 27. d5 Nec5 28. Nxc5
Nxc5 29. Nd4 Qc7 30. Bh2 Qa5 31. Bg4 e6 32. dxe6 fxe6 33. b4 Qxb4 34. Nc2 Qa5
35. Rxd8+ Rxd8 36. Rxd8+ Qxd8 37. Qxc5 Kh7 38. Qd6 Qg5 39. Qd4 h5 40. Bf4 Qh4
41. Bxe6 bxc4 42. Kh2 Qe7 43. Bxc4 Qb7 44. Ne3 a5 45. Qd8 1-0

[Event "ENCI Limburg-open A"]
[Site "Maastricht"]
[Date "2009.05.30"]
[Round "3"]
[White "Kunin, Vitaly"]
[Black "Zaragatski, Ilja"]
[Result "0-1"]
[WhiteElo "2533"]
[BlackElo "2428"]
[PlyCount "106"]
[EventDate "2009.05.29"]
[EventType "swiss"]
[EventRounds "7"]
[EventCountry "NED"]
[Source "P.Boonen"]
[SourceDate "2010.01.01"]

1. d4 Nf6 2. c4 c5 3. d5 b5 4. cxb5 a6 5. bxa6 g6 6. Nc3 Bxa6 7. e4 Bxf1 8.
Kxf1 d6 9. g3 Bg7 10. Kg2 O-O 11. Nf3 Nbd7 12. Re1 Qa5 13. Qc2 Ng4 14. Bd2 Nge5
15. Nxe5 Nxe5 16. Ne2 Qa6 17. Nf4 Qc4 18. Rec1 Qxc2 19. Rxc2 Ra4 20. f3 Nc4 21.
Bc1 Na3 22. Re2 Rfa8 23. Nd3 Nb5 24. a3 Nd4 25. Rf2 Nb3 26. Rb1 Rd4 27. Nf4 Rd1
28. Ne2 Re1 29. f4 Bd4 30. Nxd4 cxd4 31. Rf1 Rxf1 32. Kxf1 Rc8 33. a4 Nxc1 34.
b4 Na2 35. b5 Nc3 36. Rb4 d3 37. Ke1 f5 38. exf5 gxf5 39. Kd2 Nxd5 40. Rd4 Nb6
41. a5 Nc4+ 42. Kxd3 Nxa5 43. Ra4 Nb7 44. Kd4 Rc5 45. Ra8+ Kf7 46. Rh8 Rxb5 47.
Rxh7+ Ke6 48. h4 Nc5 49. Kc4 Rb1 50. Rh6+ Kd7 51. Rg6 Ne4 52. Kd4 Rb4+ 53. Ke3
Rb3+ 0-1

[Event "ENCI Limburg-open A"]
[Site "Maastricht"]
[Date "2009.05.30"]
[Round "3"]
[White "Lagrain, Jan"]
[Black "Rendboe, John"]
[Result "1/2-1/2"]
[WhiteElo "2067"]
[BlackElo "2199"]
[PlyCount "81"]
[EventDate "2009.05.29"]
[EventType "swiss"]
[EventRounds "7"]
[EventCountry "NED"]
[Source "P.Boonen"]
[SourceDate "2010.01.01"]

1. e4 c5 2. Nc3 Nc6 3. g3 g6 4. Bg2 Bg7 5. d3 d6 6. f4 e6 7. Nf3 Nge7 8. O-O
O-O 9. Be3 Nd4 10. e5 Nef5 11. Bf2 Nxf3+ 12. Qxf3 Nd4 13. Qd1 dxe5 14. fxe5
Bxe5 15. Ne4 Rb8 16. c3 Nb5 17. Bxc5 Re8 18. a4 b6 19. Be3 Nc7 20. Bg5 Qd7 21.
Bf6 Bd6 22. Qd2 Bb7 23. Qg5 Bxe4 24. dxe4 e5 25. Rad1 Ne6 26. Qxe5 Bc5+ 27. Kh1
Qxa4 28. b4 Bf8 29. Ra1 Qd7 30. Rfd1 Qb7 31. Qb5 Rec8 32. h4 Bg7 33. Bxg7 Nxg7
34. Rd7 Rc7 35. Rad1 Ne6 36. e5 Qc8 37. Bh3 Nf8 38. e6 fxe6 39. Rxc7 Qxc7 40.
Qd3 Rc8 41. Qe3 1/2-1/2

[Event "ENCI Limburg-open A"]
[Site "Maastricht"]
[Date "2009.05.30"]
[Round "3"]
[White "Lambrechts, Koen"]
[Black "Mengerink, Ynze"]
[Result "1/2-1/2"]
[WhiteElo "2174"]
[BlackElo "2025"]
[PlyCount "36"]
[EventDate "2009.05.29"]
[EventType "swiss"]
[EventRounds "7"]
[EventCountry "NED"]
[Source "P.Boonen"]
[SourceDate "2010.01.01"]

1. e4 c6 2. d4 d5 3. Nd2 dxe4 4. Nxe4 Bf5 5. Ng3 Bg6 6. h4 h6 7. Nf3 Nf6 8. h5
Bh7 9. Bd3 Bxd3 10. Qxd3 e6 11. Bd2 c5 12. O-O-O Nc6 13. Ne2 Be7 14. Bc3 Qd5
15. b3 O-O-O 16. dxc5 Qxd3 17. Rxd3 Rxd3 18. cxd3 Bxc5 1/2-1/2

[Event "ENCI Limburg-open A"]
[Site "Maastricht"]
[Date "2009.05.30"]
[Round "3"]
[White "Larmuseau, Maarten"]
[Black "Soors, Stef"]
[Result "1-0"]
[WhiteElo "2085"]
[BlackElo "2241"]
[PlyCount "81"]
[EventDate "2009.05.29"]
[EventType "swiss"]
[EventRounds "7"]
[EventCountry "NED"]
[Source "P.Boonen"]
[SourceDate "2010.01.01"]

1. e4 e6 2. d4 d5 3. e5 c5 4. c3 Bd7 5. Nf3 Nc6 6. dxc5 Qc7 7. Bf4 Nge7 8. Bd3
Ng6 9. Bxg6 fxg6 10. Nd4 Bxc5 11. Nxc6 O-O 12. Ne7+ Bxe7 13. Bg3 Bb5 14. a4 Ba6
15. Na3 Bxa3 16. Rxa3 Qc4 17. f3 g5 18. b4 b6 19. b5 Qc5 20. Rb3 Qe3+ 21. Qe2
Qc1+ 22. Qd1 Qe3+ 23. Qe2 Qc1+ 24. Qd1 Qxd1+ 25. Kxd1 Bb7 26. Rb4 Rac8 27. Kc2
Rc4 28. Rd1 g4 29. fxg4 Rf7 30. Rd2 Rfc7 31. Rxc4 dxc4 32. Rd8+ Kf7 33. Rd2 Ke8
34. Kb2 Rd7 35. Rxd7 Kxd7 36. Ka3 a5 37. bxa6 Bxa6 38. Kb4 Kc6 39. Bf2 b5 40.
axb5+ Bxb5 41. Ka5 1-0

[Event "ENCI Limburg-open A"]
[Site "Maastricht"]
[Date "2009.05.30"]
[Round "3"]
[White "Larmuseau, Michiel"]
[Black "Becker, Martin Alexander"]
[Result "0-1"]
[WhiteElo "2041"]
[BlackElo "2350"]
[PlyCount "100"]
[EventDate "2009.05.29"]
[EventType "swiss"]
[EventRounds "7"]
[EventCountry "NED"]
[Source "P.Boonen"]
[SourceDate "2010.01.01"]

1. e4 c5 2. Nc3 Nc6 3. f4 g6 4. Nf3 Bg7 5. Bb5 Nd4 6. Nxd4 cxd4 7. Ne2 a6 8.
Bd3 d5 9. e5 f6 10. exf6 Bxf6 11. Ng3 Nh6 12. O-O Bg4 13. Qe1 Qd7 14. b3 O-O
15. Qf2 Be5 16. Ne2 Bxe2 17. Qxe2 Bxf4 18. Ba3 Rae8 19. Rae1 Rf7 20. Bc5 Qc7
21. Bxd4 Bxh2+ 22. Kh1 Bg3 23. Qe6 Qd6 24. Qxd6 Bxd6 25. c4 Rxf1+ 26. Rxf1 e6
27. Kg1 Nf5 28. Bb2 Bc5+ 29. Kh2 Bd4 30. Ba3 dxc4 31. Bxc4 h5 32. Kh3 Kf7 33.
Re1 Kf6 34. g4 hxg4+ 35. Kxg4 b5 36. Bd5 Be5 37. Bb7 Rh8 38. Bc5 a5 39. Ba6 g5
40. Bxb5 Rh4+ 41. Kf3 g4+ 42. Ke2 Rh2+ 43. Kd1 g3 44. Bc4 Bd4 45. Rxe6+ Kg5 46.
Bxd4 Nxd4 47. Re1 Nf3 48. Re8 g2 49. Rg8+ Kf4 50. Rf8+ Kg3 0-1

[Event "ENCI Limburg-open A"]
[Site "Maastricht"]
[Date "2009.05.30"]
[Round "3"]
[White "Lenhardt, Manfred"]
[Black "Zilverberg, Jasper"]
[Result "1/2-1/2"]
[WhiteElo "2148"]
[BlackElo "2015"]
[PlyCount "35"]
[EventDate "2009.05.29"]
[EventType "swiss"]
[EventRounds "7"]
[EventCountry "NED"]
[Source "P.Boonen"]
[SourceDate "2010.01.01"]

1. d4 Nf6 2. Nc3 d5 3. Bg5 Bf5 4. e3 e6 5. Bd3 Bg6 6. Nf3 Be7 7. Ne5 Bxd3 8.
Qxd3 O-O 9. f4 c5 10. O-O-O c4 11. Qe2 b5 12. Nxb5 Qa5 13. Nc3 Bb4 14. Bxf6
gxf6 15. Qg4+ Kh8 16. Qh4 fxe5 17. Qf6+ Kg8 18. Qg5+ 1/2-1/2

[Event "ENCI Limburg-open A"]
[Site "Maastricht"]
[Date "2009.05.30"]
[Round "3"]
[White "Miesen, Fabian"]
[Black "Sprangers, Remco"]
[Result "1-0"]
[WhiteElo "2082"]
[BlackElo "2231"]
[PlyCount "115"]
[EventDate "2009.05.29"]
[EventType "swiss"]
[EventRounds "7"]
[EventCountry "NED"]
[Source "P.Boonen"]
[SourceDate "2010.01.01"]

1. d4 d5 2. c4 c6 3. Nc3 Nf6 4. cxd5 cxd5 5. Bg5 Ne4 6. Nxe4 dxe4 7. a3 g6 8.
Qd2 Bg7 9. e3 O-O 10. Bc4 Nc6 11. Ne2 Qd7 12. O-O Ne5 13. Qc2 Nf3+ 14. gxf3
exf3 15. Kh1 b5 16. Bb3 fxe2 17. Qxe2 Bb7+ 18. f3 e5 19. d5 h6 20. Bh4 Qh3 21.
Be7 Rfe8 22. d6 e4 23. f4 Qf5 24. Rfd1 Bf6 25. d7 Rxe7 26. d8=Q+ Rxd8 27. Rxd8+
Kg7 28. Rc1 Qh3 29. Rd2 Bc8 30. Rg1 h5 31. Rg3 Qh4 32. Qxb5 Rb7 33. Qa4 Bg4 34.
Bd1 Bf5 35. Qa6 Rc7 36. Qa5 Rc1 37. Qxf5 Bxb2 38. Qxe4 Qf6 39. Kg2 h4 40. Rg5
Qa6 41. Rxb2 Rxd1 42. Qe5+ Kh7 43. Rh5+ gxh5 44. Qxh5+ Qh6 45. Qxf7+ Qg7+ 46.
Qxg7+ Kxg7 47. Rb7+ Kg6 48. Rxa7 Kf5 49. Ra5+ Kf6 50. Re5 Rd2+ 51. Kh3 Ra2 52.
a4 Rxa4 53. Kxh4 Ra1 54. Kg4 Rg1+ 55. Kf3 Rg8 56. h4 Rh8 57. h5 Kg7 58. Rf5 1-0

[Event "ENCI Limburg-open A"]
[Site "Maastricht"]
[Date "2009.05.30"]
[Round "3"]
[White "Mueller, Claudia"]
[Black "Wilschut, Peter"]
[Result "1/2-1/2"]
[WhiteElo "2021"]
[BlackElo "2209"]
[PlyCount "91"]
[EventDate "2009.05.29"]
[EventType "swiss"]
[EventRounds "7"]
[EventCountry "NED"]
[Source "P.Boonen"]
[SourceDate "2010.01.01"]

1. e4 e6 2. d4 d5 3. exd5 exd5 4. Bd3 Nc6 5. c3 Bd6 6. Ne2 Nge7 7. Bf4 Bg4 8.
Bxd6 Qxd6 9. Qc2 Bh5 10. Nd2 Bg6 11. O-O-O O-O-O 12. Ng3 Bxd3 13. Qxd3 Qg6 14.
Nf3 f6 15. Qd2 Nf5 16. Rde1 Nd6 17. Qc2 Qf7 18. Re2 g6 19. Rhe1 Rhe8 20. Nd2
Rxe2 21. Rxe2 Re8 22. Qd3 f5 23. f3 f4 24. Rxe8+ Nxe8 25. Ne2 Nd6 26. b3 g5 27.
g3 fxg3 28. hxg3 h5 29. Qe3 Qe7 30. Nf1 Kd7 31. Kd2 Qg7 32. Qd3 Ne7 33. Ne3 Qf7
34. Ng2 c6 35. Qe3 Qf5 36. Ne1 b6 37. Nd3 Nf7 38. f4 Ng6 39. Ne5+ Nfxe5 40.
dxe5 gxf4 41. gxf4 h4 42. Qd3 Qxd3+ 43. Kxd3 c5 44. Ke3 Ke6 45. c4 dxc4 46. Ke4
1/2-1/2

[Event "ENCI Limburg-open A"]
[Site "Maastricht"]
[Date "2009.05.30"]
[Round "3"]
[White "Noiroux, Kevin"]
[Black "Beijerinck, Nick"]
[Result "1/2-1/2"]
[WhiteElo "2137"]
[BlackElo "1985"]
[PlyCount "98"]
[EventDate "2009.05.29"]
[EventType "swiss"]
[EventRounds "7"]
[EventCountry "NED"]
[Source "P.Boonen"]
[SourceDate "2010.01.01"]

1. d4 Nf6 2. c4 g6 3. Nc3 Bg7 4. e4 d6 5. Be2 O-O 6. f4 c5 7. Nf3 cxd4 8. Nxd4
Nc6 9. Be3 Bg4 10. Nxc6 Bxe2 11. Nxd8 Bxd1 12. Nxb7 Bc2 13. Kd2 Bxe4 14. Nxe4
Nxe4+ 15. Kd3 f5 16. Rab1 a5 17. c5 dxc5 18. Nxc5 Rfd8+ 19. Ke2 Nxc5 20. Bxc5
Rac8 21. Rhc1 Rd5 22. Ba3 Rcd8 23. Rd1 e5 24. Rxd5 Rxd5 25. fxe5 Bxe5 26. h3
Kf7 27. b3 Bf4 28. Bc1 Bxc1 29. Rxc1 Kf6 30. Ke3 Ke5 31. Rc4 g5 32. g3 h5 33.
a3 Rb5 34. b4 axb4 35. axb4 Kd5 36. Kd3 Ke5 37. h4 f4 38. gxf4+ gxf4 39. Ke2
Rd5 40. Rc8 Ke4 41. Rc4+ Ke5 42. Rc3 Rd4 43. Rb3 f3+ 44. Kxf3 Rxh4 45. Rb1 Rf4+
46. Ke3 Rf6 47. b5 Rb6 48. Rh1 Kd5 49. Rxh5+ Kc4 1/2-1/2

[Event "ENCI Limburg-open A"]
[Site "Maastricht"]
[Date "2009.05.30"]
[Round "3"]
[White "Reyniers, Pieter"]
[Black "Serbu, Eli"]
[Result "0-1"]
[WhiteElo "2029"]
[BlackElo "2180"]
[PlyCount "72"]
[EventDate "2009.05.29"]
[EventType "swiss"]
[EventRounds "7"]
[EventCountry "NED"]
[Source "P.Boonen"]
[SourceDate "2010.01.01"]

1. e4 c5 2. Nf3 Nc6 3. d4 cxd4 4. Nxd4 Qc7 5. Nc3 e6 6. a3 a6 7. Be3 Nf6 8. Be2
Be7 9. f4 d6 10. O-O Nxd4 11. Qxd4 e5 12. Qd2 Be6 13. Rad1 O-O 14. Nd5 Bxd5 15.
exd5 e4 16. g4 Rac8 17. c3 Nd7 18. f5 Bd8 19. g5 f6 20. g6 hxg6 21. fxg6 Ne5
22. Kh1 f5 23. Bd4 Nxg6 24. Rg1 Ne5 25. Rxg7+ Kxg7 26. Rg1+ Kh7 27. Rg3 f4 28.
Rh3+ Kg7 29. Bg4 Bg5 30. Qg2 Rce8 31. Bd7 Qd8 32. Qxe4 Rh8 33. Bxe8 Qxe8 34.
Rxh8 Kxh8 35. Qf5 Qe7 36. Qg6 Qf6 0-1

[Event "ENCI Limburg-open A"]
[Site "Maastricht"]
[Date "2009.05.30"]
[Round "3"]
[White "Schaeken, Yordi"]
[Black "Kirkebo, Carl Peter"]
[Result "0-1"]
[WhiteElo "2023"]
[BlackElo "2158"]
[PlyCount "64"]
[EventDate "2009.05.29"]
[EventType "swiss"]
[EventRounds "7"]
[EventCountry "NED"]
[Source "P.Boonen"]
[SourceDate "2010.01.01"]

1. d4 Nf6 2. c4 g6 3. Nc3 d5 4. Nf3 Bg7 5. Qb3 dxc4 6. Qxc4 O-O 7. e4 Bg4 8.
Be3 Nfd7 9. Qb3 Nb6 10. Be2 Nc6 11. d5 Bxf3 12. gxf3 Nd4 13. Bxd4 Bxd4 14. Rd1
Be5 15. h4 Qd6 16. h5 a5 17. Kf1 Qf6 18. hxg6 hxg6 19. Rd3 Nd7 20. Na4 b6 21.
Qb5 Rfd8 22. Rd2 Kg7 23. Rc2 Bd6 24. Qd3 Rh8 25. Rg1 Rh3 26. Qc3 Ne5 27. Rg3
Rh1+ 28. Rg1 Rah8 29. Bd1 Rxg1+ 30. Kxg1 Qg5+ 31. Kf1 Rh1+ 32. Ke2 Bb4 0-1

[Event "ENCI Limburg-open A"]
[Site "Maastricht"]
[Date "2009.05.30"]
[Round "3"]
[White "Schiffers, Sascha"]
[Black "Smith, Thijmen"]
[Result "1/2-1/2"]
[WhiteElo "2139"]
[BlackElo "1999"]
[PlyCount "40"]
[EventDate "2009.05.29"]
[EventType "swiss"]
[EventRounds "7"]
[EventCountry "NED"]
[Source "P.Boonen"]
[SourceDate "2010.01.01"]

1. e4 c5 2. c3 d5 3. exd5 Qxd5 4. d4 cxd4 5. cxd4 Nc6 6. Nf3 e5 7. Nc3 Bb4 8.
Bd2 Bxc3 9. Bxc3 e4 10. Ne5 Nxe5 11. dxe5 Ne7 12. Be2 O-O 13. O-O Be6 14. Qa4
a6 15. Qa3 Nf5 16. Kh1 Rac8 17. Rfe1 Rfd8 18. Bf1 Qc6 19. Rad1 Rxd1 20. Rxd1
Bc4 1/2-1/2

[Event "ENCI Limburg-open A"]
[Site "Maastricht"]
[Date "2009.05.30"]
[Round "3"]
[White "Schleipfenbauer, Frank"]
[Black "Simenon, Jozef"]
[Result "0-1"]
[WhiteElo "2040"]
[BlackElo "2213"]
[PlyCount "123"]
[EventDate "2009.05.29"]
[EventType "swiss"]
[EventRounds "7"]
[EventCountry "NED"]
[Source "P.Boonen"]
[SourceDate "2010.01.01"]

1. e4 c5 2. Nf3 g6 3. d4 cxd4 4. Nxd4 Nc6 5. Nxc6 bxc6 6. Qd4 Nf6 7. Nc3 Qb6 8.
Be3 Qxd4 9. Bxd4 Bg7 10. Be2 O-O 11. O-O d6 12. Rfd1 Nd7 13. Bxg7 Kxg7 14. Rd2
a5 15. Na4 Bb7 16. Re1 Rfb8 17. e5 Nxe5 18. Nb6 Ra7 19. f4 Ba6 20. fxe5 Bxe2
21. exd6 exd6 22. Rexe2 Rxb6 23. c4 c5 24. Rd3 Rab7 25. b3 a4 26. Ree3 Ra7 27.
Kf2 axb3 28. axb3 Ra2+ 29. Kf3 Rb2 30. h3 h5 31. h4 Ra6 32. g3 Rb6 33. Ke4 Rf2
34. Rf3 Re2+ 35. Rfe3 Rf2 36. Rf3 Ra2 37. Kd5 Re2 38. Rfe3 Rb2 39. Rf3 Ra2 40.
Rfe3 Ra7 41. Rf3 Rab7 42. Rfe3 g5 43. hxg5 Kg6 44. Ke4 Kxg5 45. Kf3 f5 46. Kg2
Rb8 47. Re6 Rxb3 48. Rdxd6 Rg8 49. Rc6 Rc3 50. Rxc5 Kg4 51. Rcc6 Rc2+ 52. Kf1
Kxg3 53. Rg6+ Rxg6 54. Rxg6+ Kf3 55. Kg1 Rxc4 56. Rf6 f4 57. Kh2 Rc2+ 58. Kh3
Rc5 59. Rg6 Re5 60. Rg8 Ke3 61. Ra8 Kf2 62. Ra2+ 0-1

[Event "ENCI Limburg-open A"]
[Site "Maastricht"]
[Date "2009.05.30"]
[Round "3"]
[White "Schut, Lisa"]
[Black "Lafosse, Jimmy"]
[Result "1-0"]
[WhiteElo "2196"]
[BlackElo "2039"]
[PlyCount "109"]
[EventDate "2009.05.29"]
[EventType "swiss"]
[EventRounds "7"]
[EventCountry "NED"]
[Source "P.Boonen"]
[SourceDate "2010.01.01"]

1. e4 e6 2. d4 d5 3. e5 c5 4. c3 Nc6 5. Nf3 Nh6 6. a3 f6 7. b4 Nf7 8. b5 Na5 9.
Bd3 Bd7 10. a4 g6 11. O-O Bg7 12. exf6 Qxf6 13. Ba3 Bf8 14. Nbd2 Rc8 15. Re1 c4
16. Bxf8 Kxf8 17. Bc2 Kg7 18. Nf1 a6 19. bxa6 bxa6 20. Ne3 h5 21. Rb1 Rb8 22.
Qc1 Nc6 23. h4 Rhc8 24. Nf1 Rf8 25. Qe3 Rfe8 26. Rxb8 Rxb8 27. Ng5 Nxg5 28.
hxg5 Qe7 29. Nh2 Qd6 30. Nf3 Rf8 31. Nh4 Ne7 32. g3 Rb8 33. Qf3 Rf8 34. Qe3 Re8
35. Nf3 Nc6 36. Nh4 Ne7 37. Qc1 Rb8 38. Re2 Be8 39. Nf3 Bc6 40. Nh4 Be8 41. Re3
Nf5 42. Bxf5 gxf5 43. Qe1 Bf7 44. Qe2 Rb6 45. a5 Rc6 46. Nf3 Rc7 47. Nh4 Rc6
48. Re5 Qd7 49. Qd2 Qd8 50. Qe3 Qd7 51. Qf4 Bg6 52. Re2 Qd8 53. Rb2 Qe7 54. Rb6
Qe8 55. Qe5+ 1-0

[Event "ENCI Limburg-open A"]
[Site "Maastricht"]
[Date "2009.05.30"]
[Round "3"]
[White "Simenon, Stefan"]
[Black "Klein, Felix"]
[Result "1/2-1/2"]
[WhiteElo "2109"]
[BlackElo "2288"]
[PlyCount "77"]
[EventDate "2009.05.29"]
[EventType "swiss"]
[EventRounds "7"]
[EventCountry "NED"]
[Source "P.Boonen"]
[SourceDate "2010.01.01"]

1. d4 d5 2. Nf3 c6 3. c3 Bf5 4. Bf4 e6 5. e3 Nf6 6. Bd3 Bxd3 7. Qxd3 Be7 8. h3
O-O 9. Nbd2 c5 10. O-O a6 11. a4 Nc6 12. Ne5 Nxe5 13. Bxe5 Bd6 14. Bxd6 Qxd6
15. e4 dxe4 16. Nxe4 Nxe4 17. Qxe4 cxd4 18. Rfd1 Qb6 19. Qxd4 Qxb2 20. Rab1 Qc2
21. Rxb7 e5 22. Qd5 Rac8 23. Re1 Qxa4 24. Rxe5 Qa1+ 25. Kh2 Qxc3 26. Rf5 Rc7
27. Rb6 Ra7 28. Qd6 Qc8 29. Rc5 Qd8 30. Rxa6 Rxa6 31. Qxa6 Qd4 32. Rf5 g6 33.
Qf6 Qxf6 34. Rxf6 Kg7 35. Rf3 Ra8 36. h4 Ra5 37. g3 h5 38. Kg2 Ra6 39. Rb3
1/2-1/2

[Event "ENCI Limburg-open A"]
[Site "Maastricht"]
[Date "2009.05.30"]
[Round "3"]
[White "Skutta, Bernd"]
[Black "Hoornstra, Hans"]
[Result "1/2-1/2"]
[WhiteElo "2130"]
[BlackElo "1933"]
[PlyCount "24"]
[EventDate "2009.05.29"]
[EventType "swiss"]
[EventRounds "7"]
[EventCountry "NED"]
[Source "P.Boonen"]
[SourceDate "2010.01.01"]

1. d4 d5 2. Nf3 Nc6 3. Bf4 Bg4 4. e3 e6 5. h3 Bh5 6. Nbd2 Bd6 7. Bxd6 Qxd6 8.
Be2 Nf6 9. O-O O-O 10. c4 e5 11. cxd5 Nxd5 12. dxe5 Nxe5 1/2-1/2

[Event "ENCI Limburg-open A"]
[Site "Maastricht"]
[Date "2009.05.30"]
[Round "3"]
[White "Smits, Sebastiaan"]
[Black "Brandenburg, Daan"]
[Result "0-1"]
[WhiteElo "2157"]
[BlackElo "2453"]
[PlyCount "60"]
[EventDate "2009.05.29"]
[EventType "swiss"]
[EventRounds "7"]
[EventCountry "NED"]
[Source "P.Boonen"]
[SourceDate "2010.01.01"]

1. e4 c5 2. d3 e6 3. g3 d5 4. Qe2 Be7 5. Nf3 Nf6 6. Bg2 O-O 7. O-O Nc6 8. e5
Ne8 9. c4 Nc7 10. Re1 b5 11. b3 Rb8 12. Nbd2 a5 13. cxd5 exd5 14. Bb2 a4 15.
Nf1 Be6 16. N3d2 Nb4 17. Red1 Bf5 18. Nf3 axb3 19. axb3 d4 20. Ne1 Ncd5 21. Nd2
Re8 22. Ne4 Bf8 23. Nf3 Qd7 24. Rac1 Rbc8 25. Qd2 h6 26. Re1 Bg4 27. h4 Bxf3
28. Bxf3 Rxe5 29. Kg2 Rce8 30. g4 Nxd3 0-1

[Event "ENCI Limburg-open A"]
[Site "Maastricht"]
[Date "2009.05.30"]
[Round "3"]
[White "Spoelman, Wouter"]
[Black "Wigger, Jochen"]
[Result "1-0"]
[WhiteElo "2512"]
[BlackElo "2309"]
[PlyCount "121"]
[EventDate "2009.05.29"]
[EventType "swiss"]
[EventRounds "7"]
[EventCountry "NED"]
[Source "P.Boonen"]
[SourceDate "2010.01.01"]

1. e4 c6 2. d4 d5 3. Nc3 dxe4 4. Nxe4 Bf5 5. Ng3 Bg6 6. h4 h6 7. Nf3 Nd7 8. Bd3
Bxd3 9. Qxd3 e6 10. Bf4 Qa5+ 11. Bd2 Qc7 12. O-O-O Ngf6 13. Kb1 Bd6 14. Ne4
Nxe4 15. Qxe4 O-O-O 16. c4 Nf6 17. Qc2 Rhe8 18. Rhe1 Kb8 19. Qa4 Bf8 20. Ba5 b6
21. Bc3 Qb7 22. Bb4 Ng4 23. Bxf8 Rxf8 24. d5 c5 25. dxe6 fxe6 26. Qc2 Qf7 27.
Ka1 Qf5 28. Qe2 Kc7 29. a3 Rxd1+ 30. Qxd1 Rd8 31. Qe2 Rd6 32. Ka2 Kd7 33. Rd1
Qf4 34. Rxd6+ Kxd6 35. Nd2 Nf6 36. g3 Qd4 37. f3 Ke7 38. g4 Ne8 39. Nf1 Nd6 40.
Ne3 Kf7 41. h5 a6 42. a4 Qf4 43. Qd3 Ke7 44. b3 Kd7 45. Nd1 Kc6 46. Nc3 Qh2+
47. Ka3 Qf4 48. Ne2 Qf6 49. Nc3 Qf4 50. Kb2 Qh2+ 51. Kc1 Qf4+ 52. Kc2 Qh2+ 53.
Ne2 Qe5 54. Kd2 b5 55. cxb5+ axb5 56. Nc3 Qh2+ 57. Kc1 Qg1+ 58. Kb2 bxa4 59.
bxa4 Qf2+ 60. Ka3 c4 61. Qxd6+ 1-0

[Event "ENCI Limburg-open A"]
[Site "Maastricht"]
[Date "2009.05.30"]
[Round "3"]
[White "Springelkamp, Henriet"]
[Black "Akstinat, Sven Holger"]
[Result "1/2-1/2"]
[WhiteElo "1981"]
[BlackElo "2162"]
[PlyCount "119"]
[EventDate "2009.05.29"]
[EventType "swiss"]
[EventRounds "7"]
[EventCountry "NED"]
[Source "P.Boonen"]
[SourceDate "2010.01.01"]

1. e4 d5 2. exd5 Qxd5 3. Nc3 Qa5 4. Nf3 Bg4 5. Be2 e6 6. d4 Nf6 7. O-O c6 8.
Ne5 Bxe2 9. Qxe2 Bb4 10. Ne4 Nxe4 11. Qxe4 O-O 12. c3 Be7 13. Re1 Qd5 14. Bf4
Qxe4 15. Rxe4 Rd8 16. Rae1 Nd7 17. Nxd7 Rxd7 18. Be3 Rc8 19. f4 Kf8 20. g3 c5
21. dxc5 Bxc5 22. Bxc5+ Rxc5 23. Kf2 Ra5 24. a3 Rh5 25. Kg2 Rd2+ 26. R1e2 Rhd5
27. Kf2 Ke7 28. Rxd2 Rxd2+ 29. Re2 Rxe2+ 30. Kxe2 e5 31. fxe5 Ke6 32. Ke3 Kxe5
33. c4 f5 34. c5 Kd5 35. b4 g5 36. Kd3 a5 37. h4 axb4 38. axb4 gxh4 39. gxh4 f4
40. h5 f3 41. Ke3 f2 42. Kxf2 Kc4 43. Kf3 Kxb4 44. Kf4 Kxc5 45. Kg5 b5 46. Kh6
b4 47. Kxh7 b3 48. Kg7 b2 49. h6 b1=Q 50. h7 Qb7+ 51. Kg8 Qc8+ 52. Kg7 Qd7+ 53.
Kg8 Qe8+ 54. Kg7 Qe7+ 55. Kg8 Qe8+ 56. Kg7 Qe7+ 57. Kg8 Qg5+ 58. Kh8 Qh6 59.
Kg8 Qg6+ 60. Kh8 1/2-1/2